Guess The Largest Country from each letter of JETPUNK. - Statistics

General Stats
  • This quiz has been taken 13 times
  • The average score is 5 of 7
Answer Stats
Question Answer % Correct
What is the largest country from the letter K? Kazakhstan
100%
What is the largest country from the letter U? USA
100%
What is the largest country from the letter J? Japan
85%
What is the largest country from the letter T? Tanzania
77%
What is the largest country from the letter E? Ethiopia
62%
What is the largest country from the letter N? Niger
46%
What is the largest country from the letter P? Peru
46%
No matching quizzes found
Score Distribution
Percent of People with Each Score
Percentile by Number Answered
Your Score History
You have not taken this quiz